Countries with the most debt - Statistics

General Stats
  • This quiz has been taken 3,535 times
    3,533 since last reset
  • The average score is 15 of 20
Answer Stats
Debt (% GDP) Country % Correct
93.6% United States
98%
82.4% United Kingdom
93%
147.3% Greece
90%
66.1% Spain
90%
94.1% France
89%
87.0% Germany
89%
126.8% Italy
88%
78.6% Austria
86%
199.7% Japan
83%
103.1% Portugal
83%
84.2% Canada
81%
102.4% Ireland
74%
62.4% Poland
74%
100.7% Belgium
70%
71.4% Netherlands
66%
55.5% Denmark
63%
57.4% Finland
61%
85.6% Hungary
56%
120.2% Iceland
53%
76.1% Israel
33%
No matching quizzes found
Score Distribution
Percent of People with Each Score
Percentile by Number Answered
Your Score History
You have not taken this quiz since the last reset